000 nam a22 7a 4500
999 _c7969
_d7969
008 171120b xxu||||| |||| 00| 0 eng d
100 _94426
_aNCERT
245 _aCHEMISTRY EXEMPLAR PROBLAM-XI
260 _aNEW DELHI
_bNCERT
_c2016